Ultimate car quizz! - Statistics

General Stats
  • This quiz has been taken 41 times
  • The average score is 31 of 40
Answer Stats
Picture Answer % Correct
Toyota
100%
Ford
93%
Alfa romeo
90%
Bentley
90%
Fiat
90%
Mercedes
90%
Mini
90%
Tesla
90%
Audi
86%
Chevrolet
86%
Ferrari
86%
Jaguar
86%
Kia
86%
Maserati
86%
Mazda
86%
Mitsubishi
86%
Dodge
83%
Lexus
83%
Porsche
83%
Subaru
83%
Bmw
79%
Cadillac
79%
McLaren
79%
Lamborghini
76%
Mustang
76%
Volkswagen
76%
Nissan
72%
Bugatti
69%
Honda
69%
Hyundai
69%
Volvo
69%
Aston Martin
66%
Infiniti
66%
Corvette
62%
Acura
59%
Buick
59%
Shelby
59%
Lincoln
52%
Saab
52%
Koenigsegg
45%
No matching quizzes found
Score Distribution
Percent of People with Each Score
Percentile by Number Answered
Your Score History
You have not taken this quiz